| 000 -LEADER | |
|---|---|
| fixed length control field | 00395nam a22001577a 4500 |
| 005 - DATE AND TIME OF LATEST TRANSACTION | |
| control field | 20210828133131.0 |
| 008 - FIXED-LENGTH DATA ELEMENTS--GENERAL INFORMATION | |
| fixed length control field | 190427b xxu||||| |||| 00| 0 eng d |
| 020 ## - INTERNATIONAL STANDARD BOOK NUMBER | |
| ISBN | 978-81-85790-23-7 |
| 041 ## - LANGUAGE CODE | |
| Language code of text/sound track or separate title | eng |
| 100 ## - MAIN ENTRY--AUTHOR NAME | |
| Personal name | YADAV, DR.A.V. |
| 245 ## - TITLE STATEMENT | |
| Title | A TEXTBOOK OF PHARMACOLOGY AND TOXICOLOGY |
| 250 ## - EDITION STATEMENT | |
| Edition statement | 15 Ed., 2019 |
| 260 ## - PUBLICATION, DISTRIBUTION, ETC. (IMPRINT) | |
| Place of publication | PUNE |
| Name of publisher | NIRALI PRAKASHAN |
| 300 ## - PHYSICAL DESCRIPTION | |
| Number of Pages | A.32 p, |
| 942 ## - ADDED ENTRY ELEMENTS (KOHA) | |
| Koha item type | Books |
| Lost status | Damaged status | Collection code | Home library | Current library | Shelving location | Date acquired | Source of acquisition | Cost, normal purchase price | Full call number | Accession Number | Koha item type |
|---|---|---|---|---|---|---|---|---|---|---|---|
| PHARMACY | JRU Library | JRU Library | Shelf - 21- C | 27/04/2019 | PURCHESS | 215.00 | 615.1 | 22652 | Books | ||
| PHARMACY | JRU Library | JRU Library | SHELF-18-C | 27/04/2019 | PURCHESS | 215.00 | 22653 | Books | |||
| Reference | JRU Library | JRU Library | SHELF-4-E | 27/04/2019 | PURCHESS | 215.00 | 22654 | Books |